| 000 | 01905nam a2200229Ia 4500 | ||
|---|---|---|---|
| 003 | Ost | ||
| 005 | 20260507075318.0 | ||
| 008 | 260507s9999||||xx |||||||||||||| ||und|| | ||
| 040 | _cfsecg | ||
| 041 | _aara | ||
| 082 | _a332.042 | ||
| 100 |
_aعجام، ميثم صاحب _eمؤلف |
||
| 245 | 0 |
_aالتمويل الدولي / _c ميثم صاحب عجام |
|
| 260 |
_aعمان: _bدار زهران للنشر والتوزيع, _c2012 |
||
| 300 |
_a320 صفحة؛ _bإيضاحات ؛ _c25 سم |
||
| 504 | _aببليوغرافيا: ص.309-320 | ||
| 520 | _aالمقدمة-الفصل الأول : التمويل والعمليات الانتاجية-الفصل الثاني : المصارف المركزية والمصارف التجارية : نشأة المصارف وتطور وظائفها : موارد المؤسسات واستخداماتها-الفصل الثالث : أسواق الأوراق المالية (البورصة) : أسواق الأوراق المالية، نشأتها، وظائفها،أنواعها وخصائصها : المتطلبات الأساسية لقيام السوق المالية-الفصل الرابع : أسواق الاقراض والاقتراض بالعملات الدولية : أسواق العملات الدولية-الفصل الخامس : أنواع الاستثمارات النقدية الدولية : شهادات الإيداع الدولية-الفصل السادس : صندوق النقد الدولي : ولادة فكرة صندوق النقد الدولي-الفصل السابع : السيولة الدولية وحقوق السحب الخاصة-الفصل الثامن : البنك الدولي والمؤسسات التابعة له : نشأة مجموعة البنك الدولي، وظائفها وأهدافه | ||
| 653 | _aالبنوك | ||
| 653 | _aالتمويل | ||
| 653 | _aالتمويل الدولي | ||
| 942 | _cكتاب | ||
| 999 |
_c43906 _d43906 |
||